Минералогия техногенных образований: учебное пособие

Podrobná bibliografie
Hlavní autor: Язиков Е. Г. Егор Григорьевич
Korporativní autor: Национальный исследовательский Томский политехнический университет (ТПУ)
Další autoři: Таловская А. В. Анна Валерьевна, Жорняк Л. В. Лина Владимировна
Shrnutí:В пособии изложены основные закономерности процессов минералооб-разования в техногенных условиях и минералогические подходы в оценке экологической ситуации урбанизированных территорий. Предназначено для студентов, обучающихся по направлению подготовки бакалавров 022000 "Экология и природопользование", профиль "Геоэкология", слушателей ФПК и специалистов практиков.
Jazyk:ruština
Vydáno: Томск, Изд-во ТПУ, 2011
Témata:
Médium: MixedMaterials Kniha
KOHA link:https://koha.lib.tpu.ru/cgi-bin/koha/opac-detail.pl?biblionumber=206669

MARC

LEADER 00000nam0a2200000 4500
001 206669
005 20240402064744.0
010 |a 9785982989185 
035 |a (RuTPU)RU\TPU\book\225350 
090 |a 206669 
100 |a 20120116d2011 m y0rusy50 ca 
101 0 |a rus 
102 |a RU 
105 |a a j 001zy 
200 1 |a Минералогия техногенных образований  |e учебное пособие  |f Е. Г. Язиков, А. В. Таловская, Л. В. Жорняк  |g Национальный исследовательский Томский политехнический университет (ТПУ) 
210 |a Томск  |c Изд-во ТПУ  |d 2011 
215 |a 160 с.  |c ил. 
320 |a Библиогр.: с. 141-150. 
330 |a В пособии изложены основные закономерности процессов минералооб-разования в техногенных условиях и минералогические подходы в оценке экологической ситуации урбанизированных территорий. Предназначено для студентов, обучающихся по направлению подготовки бакалавров 022000 "Экология и природопользование", профиль "Геоэкология", слушателей ФПК и специалистов практиков. 
452 1 |0 (RuTPU)RU\TPU\book\228716  |t Минералогия техногенных образований  |o учебное пособие  |f Е. Г. Язиков, А. В. Таловская, Л. В. Жорняк  |g Национальный исследовательский Томский политехнический университет (ТПУ)  |c Томск  |n Изд-во ТПУ  |d 2011  |a Язиков, Егор Григорьевич 
606 1 |a Минеральные ресурсы, техногенные  |2 stltpush  |3 (RuTPU)RU\TPU\subj\73343  |9 86375 
606 1 |a Техногенез  |x Экология  |2 stltpush  |3 (RuTPU)RU\TPU\subj\42158  |9 61883 
610 1 |a техногенные образования 
610 1 |a экологическая минералогия 
610 1 |a пылеаэрозоли 
610 1 |a почва 
610 1 |a высокотемпературный техногенез 
610 1 |a горные выработки 
610 1 |a отвалы 
610 1 |a нефтегазопромысловое оборудование 
610 1 |a паровые котлы 
610 1 |a электростанции 
610 1 |a системы водопользования 
610 1 |a учебные пособия 
610 1 |a труды учёных ТПУ 
675 |a 553.04(075.8)  |v 3 
675 |a 504.05(075.8)  |v 3 
700 1 |a Язиков  |b Е. Г.  |c специалист в области геологии и минералогии  |c профессор Томского политехнического университета, доктор геолого-минералогических наук, заместитель проректора по образовательной и международной деятельности  |f 1955-  |g Егор Григорьевич  |3 (RuTPU)RU\TPU\pers\26057  |9 11896 
701 1 |a Таловская  |b А. В.  |c геохимик  |c профессор Томского политехнического университета, доктор геолого-минералогических наук  |f 1983-  |g Анна Валерьевна  |x TPU  |y Томск  |3 (RuTPU)RU\TPU\pers\26173  |9 11982 
701 1 |a Жорняк  |b Л. В.  |c геохимик  |c доцент Томского политехнического университета, кандидат геолого-минералогических наук  |f 1981-  |g Лина Владимировна  |3 (RuTPU)RU\TPU\pers\26169  |9 11978 
712 0 2 |a Национальный исследовательский Томский политехнический университет (ТПУ)  |c (2009- )  |3 (RuTPU)RU\TPU\col\15902 
801 1 |a RU  |b 63413507  |c 20120116 
801 2 |a RU  |b 63413507  |c 20220727  |g RCR 
942 |c BK